[Event "GER-chT Lands U20"]
[Site "Wuerzburg"]
[Date "2019.10.05"]
[Round "6.7"]
[White "Hecht, Jonas Christian"]
[Black "Ravina, David"]
[Result "1/2-1/2"]
[WhiteElo "1775"]
[BlackElo "2087"]
[PlyCount "42"]
[EventDate "2019.10.01"]
[EventType "team-swiss"]
[EventRounds "7"]
[EventCountry "GER"]
[SourceTitle "EXT 2020"]
[Source "ChessBase"]
[SourceDate "2019.10.17"]
[SourceVersion "1"]
[SourceVersionDate "2019.10.17"]
[SourceQuality "1"]
[WhiteTeam "Baden II"]
[BlackTeam "Hamburg/Schleswig Holstein"]
[WhiteTeamCountry "GER"]
[BlackTeamCountry "GER"]

1. c4 Nf6 2. Nc3 e6 3. Nf3 d5 4. e3 c6 5. b3 Bd6 6. Be2 0-0 7. 0-0 Nbd7 8. Bb2 a6 9. d4 Ne4 10. cxd5 exd5 11. Nxe4 dxe4 12. Ne5 Re8 13. Bc4 Nxe5 14. dxe5 Bc5 15. Qh5 Qe7 16. e6 f6 17. Rad1 b5 18. Rd7 Bxd7 19. exd7+ bxc4 20. dxe8Q+ Rxe8 21. bxc4 Rd8 1/2-1/2

[Event "GER-chT Lands U20"]
[Site "Wuerzburg"]
[Date "2019.10.03"]
[Round "3.5"]
[White "Lohvinov, Petro"]
[Black "Ravina, David"]
[Result "0-1"]
[WhiteElo "2117"]
[BlackElo "2087"]
[PlyCount "42"]
[EventDate "2019.10.01"]
[EventType "team-swiss"]
[EventRounds "7"]
[EventCountry "GER"]
[SourceTitle "EXT 2020"]
[Source "ChessBase"]
[SourceDate "2019.10.17"]
[SourceVersion "1"]
[SourceVersionDate "2019.10.17"]
[SourceQuality "1"]
[WhiteTeam "Bayern"]
[BlackTeam "Hamburg/Schleswig Holstein"]
[WhiteTeamCountry "GER"]
[BlackTeamCountry "GER"]

1. e4 e5 2. Nf3 Nc6 3. Bc4 Bc5 4. d3 Nf6 5. 0-0 a6 6. c3 Ba7 7. h3 d6 8. Bb3 h6 9. Re1 g5 10. d4 g4 11. dxe5 gxf3 12. exf6 Qxf6 13. Qxf3 Qxf3 14. gxf3 Ne5 15. Nd2 Nd3 16. Re2 Nf4 17. Re1 Rg8+ 18. Kh2 Bxf2 19. Rd1 Bxh3 20. Nc4 Rg2+ 21. Kh1 Ne2 0-1